| 000 | 00616nam a22001817a 4500 | ||
|---|---|---|---|
| 008 | 161004b xxu||||| |||| 00| 0 eng d | ||
| 020 | _a081890660 | ||
| 040 |
_aKABU _cKABU |
||
| 050 |
_aML3920 _b.C65 1993 C.1 |
||
| 100 | _aCole, Basil | ||
| 245 |
_aMusic and morals _ba theological of the moral and psychological effects of music _cby Basil Cole |
||
| 260 |
_aNew York _bAlba house _c1993 |
||
| 300 | _axiv, 158 p. | ||
| 650 |
_2Music _xMoral and ethical aspects |
||
| 650 |
_2Music _xReligion aspects |
||
| 650 |
_2Music _xPsychological aspects |
||
| 942 |
_2lcc _cBK _hML3920 .C65 1993 C.1 |
||
| 999 |
_c16128 _d16128 |
||